000 00319nam a2200133Ia 4500
008 210210b1920 xxu||||| |||| 00| 0 eng d
041 _aeng
082 _a822/1226
100 _aTREBLE (H A)
245 _aReynard the fox
260 _aLondon
_bMacmillan & Co. Ltd.
_c1920
690 _aEnglish Prose
906 _a013408
999 _c132276
_d132276